000 00300nam a2200097Ia 4500
008 220214s9999 xx 000 0 und d
245 0 _aAmerican Chemical Society Rubber Division Meeting Papers, Minneapolis, Minnesota
260 _bACS
_aMinnesota
500 _aStarting Volume & Year: 1976,
942 _cBJ
999 _c6193
_d6193